000 00752nam a2200289Ia 4500
005 20260324121112.0
008 008 260324s9999 xx 000 0 eng d
020 _a9781315746203
037 _aEBOOK
040 _aCRL
040 _beng
040 _cCRL
041 _2eng
041 _aeng
084 _qCRL
100 _aYasushi Tanaka; Toshiaki Tamaki; Jari Ojala; Jari Eloranta
_91161196
245 0 _aComparing Post War Japanese and Finnish Economies and Societies
245 0 _bLongitudinal perspectives
260 _bTaylor and Francis
260 _c2014
365 _a
365 _b255
856 _uhttp://www.taylorfrancis.com/books/9781315746203
942 _cEBOOK
999 _c1753085
_d1753085